000 00393nam a2200157Ia 4500
008 230917s9999||||xx |||||||||||||| ||und||
020 _cRS400
040 _e30816
_aMAIN
041 _aEnglish
082 _a780.954 S23M:S
100 _aMitra, Rajyeshwar
245 0 _aSangeet-ratnakar: Ek adhyayan
260 _aNew Delhi
_bRadhakrishna Prakashan
_c1999
300 _a280 p.
942 _cBK
999 _c103060
_d103060